01813 am a2200361 a 450000500170000000800410001702000150005804100080007309200210008110000260010224500360012825001250016426000530028930000110034250000870035365300460044065300540048665300560054065300420059665300440063893000090068293000090069193000090070093000090070993000090071894200120072799900130073995201310075295201370088395201370102095201370115795201570129420240625084124.0100624s2003||||sp a f |||| 001 0 spa d a8420010081 aspa c574.191l28sGLA1 aGlaser, Roland.91160 aBiofísica / cRoland Glaser. a1a ed. en español de la edición original en inglés bTraducción Félix Royo López y Félix M. Royo Longás. aZaragoza [España]: bEditorial Acribia;c2003. a396 p. aGlaser, R. (2003). Biofísica. (1a ed.). Zaragoza [España] : Editorial Acribia. aNaturaleza y temática de la biofísica aEstructura molecular de los sistemas biológicos aEnergía y dinámica de los sistemas biológicos aFactores físicos del medio ambiente aCinética de los sistemas biológicos a1541 a1542 a1543 a1544 a1545 2ddccBK c420d420 00102ddc40708REFaBFMbBFMcREFd2011-05-13l0o574.191 28 GLAp1541r2014-11-06tej.1w2011-08-24yREFzLIBRO DE CONSULTA 00102ddc4070aBFMbBFMcCRd2011-05-13l40m5o574.191 28 GLAp1542r2026-05-06s2026-04-24tej.2w2011-05-13yBKzSede Tordos.f 00102ddc4070aBFMbBFMcCRd2011-05-13l32m5o574.191 28 GLAp1543r2023-10-18s2023-10-09tej.3w2011-05-13yBKzSede Tordos.f 00102ddc4070aBFMbBFMcCRd2011-05-13l19m8o574.191 28 GLAp1544r2026-05-06s2026-04-28tej.4w2011-05-13yBKzSede Tordos.f 00102ddc4070aBFMbBFMcCRd2011-05-13l0o574.191 28 GLAp1545r2014-11-06tej.5w2011-05-13yBKzEnviado para recambio,aún no llegó 6/08/2024f